[Event "SRI-ch U14"]
[Site "Nugegoda"]
[Date "2021.03.13"]
[Round "9"]
[White "Ashad, Nevan Mishal Mohome"]
[Black "Sathmina, SL Lalindu"]
[Result "1/2-1/2"]
[WhiteElo "1272"]
[BlackElo "1480"]
[PlyCount "101"]
[EventDate "2021.03.09"]
[EventType "tourn"]
[EventRounds "11"]
[EventCountry "SRI"]
[SourceTitle "CBM 201 Extra"]
[Source "ChessBase"]
[SourceDate "2021.05.31"]
[SourceVersion "1"]
[SourceVersionDate "2021.05.31"]
[SourceQuality "1"]

1. e4 e6 2. d4 d5 3. exd5 exd5 4. Nf3 Nf6 5. Bd3 Bd6 6. Bg5 0-0 7. 0-0 b6 8. Nbd2 Bb7 9. c3 Nbd7 10. Qc2 h6 11. Bh4 c5 12. Rfe1 Rc8 13. Rac1 Qc7 14. Bxf6 Nxf6 15. Ne5 Qb8 16. Qb1 c4 17. Bf5 Rcd8 18. Ndf3 Rfe8 19. Re3 Ne4 20. Bd7 Re7 21. Bc6 Bxe5 22. Nxe5 Rxe5 23. dxe5 Bxc6 24. f3 Nc5 25. Qf5 Nd3 26. Rc2 Bd7 27. Qh5 Re8 28. Rd2 Re6 29. g3 Rxe5 30. Rxe5 Qxe5 31. Qxe5 Nxe5 32. Rxd5 Nxf3+ 33. Kf2 Bc6 34. Rd8+ Kh7 35. Rc8 Ne5 36. Rc7 a6 37. b3 Bd5 38. b4 Nc6 39. Rd7 Be4 40. Rxf7 Kg6 41. Rb7 b5 42. Rb6 Kf5 43. Rxa6 Ne5 44. a4 bxa4 45. Rxa4 Bb7 46. Ra7 Bc6 47. Rxg7 Ke4 48. Re7 Kd5 49. h3 h5 50. Rg7 Ke4 51. Re7 1/2-1/2